[Event "II Weekend Accademia A Inverno"]
[Site "Roma ITA"]
[Date "2006.02.03"]
[Round "1"]
[White "Vallifuoco, Giovanni"]
[Black "Moscardi, Daniel"]
[Result "1-0"]
[WhiteElo "2189"]
[BlackElo "1886"]
[PlyCount "51"]
[EventDate "2006.02.03"]

1. d4 Nf6 2. c4 e6 3. Nc3 b6 4. e4 Bb7 5. d5 e5 6. Nf3 d6 7. g3 Be7 8. Bg2 Nbd7
9. O-O Nf8 10. Nh4 Bc8 11. f4 exf4 12. Bxf4 Ng6 13. Nxg6 hxg6 14. e5 Nh5 15. e6
fxe6 16. Qg4 g5 17. dxe6 Nf6 18. Bc6+ Kf8 19. Bxg5 Kg8 20. Bxf6 Bxf6 21. Bd5
Qe7 22. Rxf6 Qxf6 23. Rf1 Qh6 24. e7+ Kh7 25. Be4+ Kg8 26. e8=Q# 1-0

[Event "II Weekend Accademia A Inverno"]
[Site "Roma ITA"]
[Date "2006.02.03"]
[Round "1"]
[White "Vuelban, Virgilio"]
[Black "Di Lascio, Savino"]
[Result "1-0"]
[WhiteElo "2305"]
[BlackElo "1952"]
[PlyCount "120"]
[EventDate "2006.02.03"]

1. e4 c6 2. d4 d5 3. Nc3 dxe4 4. Nxe4 Nf6 5. Nxf6+ gxf6 6. Bc4 Bf5 7. Ne2 e6 8.
O-O h5 9. Nf4 h4 10. Re1 Be7 11. c3 Nd7 12. a4 Nb6 13. Bf1 a5 14. Qb3 Qc7 15.
Be3 Bd6 16. c4 Nd7 17. g3 Bb4 18. Red1 hxg3 19. hxg3 e5 20. Nd3 Bg4 21. Nxb4
Bxd1 22. Rxd1 axb4 23. d5 c5 24. d6 Qc6 25. Bg2 e4 26. Qc2 f5 27. b3 O-O-O 28.
Rd5 Rh5 29. Qe2 Rh7 30. a5 Re8 31. Bf4 Qa6 32. Rxf5 Qxa5 33. Rd5 f5 34. Qe1 Qa2
35. Qd1 Rf8 36. Rd2 Qa5 37. Qb1 b5 38. Ra2 Qb6 39. Ra8+ Kb7 40. Bxe4+ fxe4 41.
Qxe4+ Qc6 42. Ra7+ Kxa7 43. Qxc6 bxc4 44. bxc4 Rf5 45. Be3 Rfh5 46. Kf1 Rh1+
47. Ke2 R1h5 48. g4 Re5 49. Kd2 Kb8 50. g5 Rf5 51. f4 Rg7 52. Qe4 Rf8 53. f5
Rgf7 54. f6 Ka7 55. Qc6 Rg8 56. Kc2 b3+ 57. Kxb3 Rb8+ 58. Kc2 Rb6 59. Bxc5 Nxc5
60. Qxc5 Rd7 1-0

[Event "II Weekend Accademia A Inverno"]
[Site "Roma ITA"]
[Date "2006.02.04"]
[Round "2"]
[White "Bellincampi, Stefano"]
[Black "Ramondino, Renzo"]
[Result "0-1"]
[WhiteElo "2048"]
[BlackElo "2273"]
[PlyCount "76"]
[EventDate "2006.02.03"]

1. e4 c5 2. c3 Nf6 3. e5 Nd5 4. Nf3 e6 5. Bc4 d6 6. d4 cxd4 7. cxd4 Bd7 8. Bxd5
exd5 9. Nc3 Nc6 10. exd6 Bxd6 11. Qe2+ Be6 12. O-O O-O 13. Rd1 Re8 14. Bg5 f6
15. Be3 a6 16. h3 Bf7 17. Nh4 Qd7 18. Qf3 Bc7 19. Rac1 Ne7 20. g4 Qd6 21. Ne2
g5 22. Ng2 Qh2+ 23. Kf1 Qh1+ 24. Ng1 Bh2 25. Ke2 Bg6 26. Nh4 Qxf3+ 27. Nhxf3
Bd6 28. Kf1 Rac8 29. Ne2 b5 30. Nc3 Rc7 31. h4 h6 32. a3 Rec8 33. hxg5 hxg5 34.
Ke2 Bxa3 35. Nxb5 Rc2+ 36. Kf1 Bxb2 37. Rxc2 Bxc2 38. Nd6 Bxd1 0-1

[Event "II Weekend Accademia A Inverno"]
[Site "Roma ITA"]
[Date "2006.02.04"]
[Round "2"]
[White "Coscia, Alberto"]
[Black "Failli, Riccardo"]
[Result "0-1"]
[WhiteElo "1809"]
[BlackElo "1874"]
[PlyCount "152"]
[EventDate "2006.02.03"]

1. e4 e5 2. Nf3 Nc6 3. Bb5 a6 4. Ba4 Nf6 5. O-O Be7 6. Re1 b5 7. Bb3 O-O 8. c3
d6 9. h3 Bb7 10. d3 h6 11. Nbd2 Re8 12. Nf1 Bf8 13. a3 d5 14. Qc2 Qd7 15. Ng3
Rad8 16. Be3 Na5 17. Ba2 c5 18. b4 cxb4 19. cxb4 Nc6 20. Bb6 Rc8 21. Qb3 d4 22.
Rac1 g6 23. Rc2 Nh7 24. Rec1 Re6 25. Nh2 Rce8 26. Qb2 Rf6 27. Ng4 Rf4 28. Ne2
h5 29. Nxf4 hxg4 30. Nxg6 Bh6 31. Rf1 gxh3 32. g3 Bg5 33. Kh2 Nf6 34. f3 Kh7
35. Nh4 Bxh4 36. gxh4 Nh5 37. Qb3 Rf8 38. Rfc1 Qe7 39. Rg1 Qxh4 40. Rg4 Qf6 41.
Bc5 Ne7 42. Rf2 Bc8 43. Qc2 Bxg4 44. fxg4 Nf4 45. Bxe7 Qxe7 46. Qc6 Qh4 47. Rc2
Qxg4 48. Qf6 Rg8 49. Qxf7+ Rg7 50. Qf5+ Qxf5 51. exf5 Rg2+ 52. Rxg2 hxg2 53. f6
Kg6 54. f7 Kg7 55. Bb3 Nxd3 56. Kxg2 e4 57. Kg3 Nc1 58. Bd5 Ne2+ 59. Kf2 Nc3
60. Bb3 e3+ 61. Kf3 Nb1 62. Bd5 Nxa3 63. Bb7 Kxf7 64. Bxa6 Kf6 65. Bb7 Nc4 66.
Ke2 Ke5 67. Bc6 Na3 68. Bf3 Nb1 69. Kd3 Nc3 70. Bh5 Nd5 71. Be8 Nxb4+ 72. Ke2
Ke4 73. Bxb5 d3+ 74. Kd1 Kd4 75. Bd7 e2+ 76. Kd2 Nc2 0-1

[Event "II Weekend Accademia A Inverno"]
[Site "Roma ITA"]
[Date "2006.02.04"]
[Round "2"]
[White "Di Lascio, Savino"]
[Black "Caporale, Giuseppe Guido"]
[Result "1-0"]
[WhiteElo "1952"]
[BlackElo "1866"]
[PlyCount "53"]
[EventDate "2006.02.03"]

1. Nf3 d5 2. g3 c5 3. Bg2 Nc6 4. O-O e5 5. d3 h6 6. Nbd2 Nf6 7. e4 d4 8. Nc4
Qc7 9. a4 Be6 10. Nfd2 g5 11. Na3 a6 12. Ndc4 Rb8 13. f4 gxf4 14. gxf4 Bg4 15.
Qe1 Rg8 16. Kh1 b5 17. fxe5 bxc4 18. exf6 Bd6 19. e5 Nxe5 20. Nxc4 Kd7 21. Nxd6
Qxd6 22. Bf4 Rbe8 23. Qe4 Qxf6 24. Qb7+ Kd8 25. Bd2 Qxf1+ 26. Rxf1 Re7 27. Ba5+
1-0

[Event "II Weekend Accademia A Inverno"]
[Site "Roma ITA"]
[Date "2006.02.04"]
[Round "2"]
[White "Fayard, Alain"]
[Black "Marotta, Michele"]
[Result "1-0"]
[WhiteElo "2271"]
[BlackElo "2066"]
[PlyCount "41"]
[EventDate "2006.02.03"]

1. d4 d5 2. c4 c6 3. Nc3 Nf6 4. Nf3 dxc4 5. a4 Bf5 6. Ne5 Nbd7 7. Nxc4 Qc7 8.
g3 e5 9. dxe5 Nxe5 10. Bf4 Nfd7 11. Qc1 Bb4 12. Bxe5 Nxe5 13. Qf4 Nd3+ 14. exd3
Qxf4 15. gxf4 O-O-O 16. O-O-O f6 17. h4 Kb8 18. Kc2 Rhe8 19. Bh3 Bg6 20. f5 Bf7
21. Rhe1 1-0

[Event "II Weekend Accademia A Inverno"]
[Site "Roma ITA"]
[Date "2006.02.04"]
[Round "2"]
[White "Luzi, Alessandro"]
[Black "Nicolai, Antonio"]
[Result "1-0"]
[WhiteElo "1933"]
[BlackElo "1804"]
[PlyCount "87"]
[EventDate "2006.02.03"]

1. e4 e6 2. d4 d6 3. Nf3 a6 4. Bd3 b5 5. O-O Bb7 6. Be3 Nd7 7. Nbd2 c5 8. c3
Rc8 9. b3 Ngf6 10. h3 Be7 11. Qc2 e5 12. d5 Nf8 13. c4 b4 14. a3 a5 15. axb4
cxb4 16. Ra4 N8d7 17. Rfa1 Ra8 18. Qa2 O-O 19. Rxa5 Qxa5 20. Qxa5 Rxa5 21. Rxa5
Ra8 22. Rxa8+ Bxa8 23. Ne1 Nc5 24. Bxc5 dxc5 25. Ndf3 Nd7 26. Nh2 g6 27. g4 Kg7
28. Ng2 Nf6 29. f4 exf4 30. Nxf4 Bd6 31. Ne2 Nd7 32. Nf3 f6 33. h4 Bb7 34. g5
Bc8 35. gxf6+ Kxf6 36. Kg2 h6 37. Ng3 Bxg3 38. Kxg3 Ne5 39. Be2 Nxf3 40. Bxf3
Ke5 41. Bg4 Bb7 42. Kf3 h5 43. Be6 Kf6 44. Kf4 1-0

[Event "II Weekend Accademia A Inverno"]
[Site "Roma ITA"]
[Date "2006.02.04"]
[Round "2"]
[White "Micaloni, Mario"]
[Black "Foschini, Andrea"]
[Result "1-0"]
[WhiteElo "1862"]
[BlackElo "1939"]
[PlyCount "45"]
[EventDate "2006.02.03"]

1. e4 c5 2. Nf3 Nc6 3. d4 cxd4 4. Nxd4 Nf6 5. Nc3 d6 6. Be2 a6 7. O-O e5 8. Nb3
Be7 9. Be3 O-O 10. f4 Qc7 11. Nd5 Nxd5 12. exd5 Nb8 13. fxe5 dxe5 14. c4 Nd7
15. Bd3 Nc5 16. Kh1 f5 17. Bc2 Bd7 18. d6 Bxd6 19. Bxc5 Bxc5 20. Qd5+ Kh8 21.
Qxc5 Bc6 22. Rxf5 Rxf5 23. Bxf5 1-0

[Event "II Weekend Accademia A Inverno"]
[Site "Roma ITA"]
[Date "2006.02.04"]
[Round "2"]
[White "Moscardi, Daniel"]
[Black "Tripoli, Enrico"]
[Result "0-1"]
[WhiteElo "1886"]
[BlackElo "1970"]
[PlyCount "80"]
[EventDate "2006.02.03"]

1. e4 c5 2. f4 Nc6 3. Nf3 d6 4. d4 cxd4 5. Nxd4 Qb6 6. Nb3 Nf6 7. Nc3 e6 8. Bd3
Be7 9. Qf3 a6 10. Be3 Qc7 11. g4 b5 12. g5 Nd7 13. O-O O-O 14. Rac1 Rb8 15. Qh5
g6 16. Qh3 Re8 17. f5 Nde5 18. f6 Bf8 19. Qg2 Nc4 20. Bf4 N6e5 21. Bxe5 dxe5
22. Rf3 Nxb2 23. Rh3 h6 24. gxh6 Kh7 25. Kh1 Qxc3 26. Bxb5 Qxh3 27. Qxh3 axb5
28. Qc3 Nc4 29. Rd1 Bb7 30. Rd7 Bxe4+ 31. Kg1 Red8 32. Rxf7+ Kh8 33. h4 Bxh6
34. Qb4 Be3+ 35. Kh2 Rd1 36. Rf8+ Kh7 37. Qe7+ Kh6 38. Rxb8 Kh5 39. f7 Bf4+ 40.
Kh3 Rh1# 0-1

[Event "II Weekend Accademia A Inverno"]
[Site "Roma ITA"]
[Date "2006.02.04"]
[Round "2"]
[White "Quimi, Marco"]
[Black "Tomescu, Vlad"]
[Result "0-1"]
[WhiteElo "2195"]
[BlackElo "2391"]
[PlyCount "86"]
[EventDate "2006.02.03"]

1. e4 c5 2. Bc4 Nc6 3. Nf3 Nf6 4. d3 e6 5. Qe2 d6 6. O-O Be7 7. Nbd2 O-O 8. a3
Rb8 9. Re1 b5 10. Ba2 a5 11. Nf1 a4 12. Bf4 e5 13. Bg5 Be6 14. Ne3 Nd7 15. Bxe7
Qxe7 16. Nd5 Bxd5 17. Bxd5 Nd8 18. c3 Ne6 19. g3 Qf6 20. Qe3 Nb6 21. Ba2 g6 22.
Rad1 Rfc8 23. Re2 Kg7 24. Red2 h6 25. Kg2 Rc7 26. d4 cxd4 27. cxd4 Nc4 28. Bxc4
bxc4 29. dxe5 dxe5 30. Rc1 Rb3 31. Rc3 Nc5 32. Rxb3 axb3 33. Rd5 Nd3 34. Rb5
Qa6 35. Rb6 Qa7 36. h4 f6 37. h5 g5 38. Nh2 Rb7 39. Rxb7+ Qxb7 40. Qe2 Nxb2 41.
Ng4 Nd3 42. Kh2 b2 43. Qf3 Qf7 0-1

[Event "II Weekend Accademia A Inverno"]
[Site "Roma ITA"]
[Date "2006.02.04"]
[Round "2"]
[White "Sabetta, Alessandro"]
[Black "Ferretti, Folco"]
[Result "1/2-1/2"]
[WhiteElo "2021"]
[BlackElo "2264"]
[PlyCount "140"]
[EventDate "2006.02.03"]

1. e4 c6 2. Nc3 d5 3. Nf3 Bg4 4. h3 Bh5 5. exd5 cxd5 6. g4 Bg6 7. Bb5+ Nc6 8.
Ne5 Rc8 9. h4 d4 10. h5 Bxc2 11. Qxc2 dxc3 12. Rh3 Qc7 13. Nxc6 bxc6 14. Rxc3
Qe5+ 15. Be2 e6 16. Rxc6 Rxc6 17. Qxc6+ Ke7 18. Qb7+ Kf6 19. Qf3+ Ke7 20. Qa3+
Ke8 21. Qa4+ Ke7 22. Qxa7+ Kf6 23. Qe3 Bd6 24. Qxe5+ Bxe5 25. Rb1 Ne7 26. b3
Rc8 27. Bb2 Bxb2 28. Rxb2 Rc1+ 29. Bd1 Nd5 30. Rc2 Ra1 31. a4 Ke5 32. d3 Rb1
33. Rc4 g5 34. hxg6 hxg6 35. Kd2 f5 36. gxf5 gxf5 37. Rh4 f4 38. Bc2 Rf1 39.
Ke2 Rc1 40. Kd2 Rf1 41. Rh2 Kd4 42. Ke2 Ra1 43. Rh8 Nc3+ 44. Kd2 Rf1 45. Rd8+
Nd5 46. Ke2 Rc1 47. Bd1 Ra1 48. Kd2 Ra2+ 49. Bc2 Ra1 50. b4 Rf1 51. Ke2 Rc1 52.
Kd2 Rf1 53. Ke2 Rc1 54. Bb3 Rb1 55. Bxd5 exd5 56. b5 Rb4 57. Ra8 Kc5 58. Rc8+
Kd4 59. Ra8 Kc5 60. Ra6 Kd4 61. b6 Rb2+ 62. Kf3 Kxd3 63. Kxf4 Kc4 64. Ra8 Rxb6
65. a5 Rf6+ 66. Ke3 d4+ 67. Ke2 d3+ 68. Ke1 d2+ 69. Kxd2 Rxf2+ 70. Ke3 Ra2
1/2-1/2

[Event "II Weekend Accademia A Inverno"]
[Site "Roma ITA"]
[Date "2006.02.04"]
[Round "2"]
[White "Sautto, Alessandra"]
[Black "Macor, Carlo"]
[Result "0-1"]
[WhiteElo "1981"]
[BlackElo "1892"]
[PlyCount "68"]
[EventDate "2006.02.03"]

1. d4 d6 2. Nf3 Nd7 3. Bf4 g6 4. e4 Bg7 5. e5 dxe5 6. dxe5 Nb6 7. Qxd8+ Kxd8 8.
Nc3 Bh6 9. O-O-O+ Bd7 10. Bxh6 Nxh6 11. Bb5 c6 12. Be2 Kc7 13. Nd4 Nf5 14. Nxf5
Bxf5 15. Bd3 Be6 16. Rhe1 Rad8 17. b3 Nd5 18. Nxd5+ Rxd5 19. f4 Rhd8 20. Be2
Kb6 21. Rxd5 Rxd5 22. Rd1 Kc5 23. Bf3 Rxd1+ 24. Kxd1 Kb4 25. a4 Bxb3 26. cxb3
Kxb3 27. a5 a6 28. g4 Kb4 29. Be4 Kxa5 30. h4 Kb4 31. Bxg6 fxg6 32. f5 gxf5 33.
gxf5 Kc5 34. f6 exf6 0-1

[Event "II Weekend Accademia A Inverno"]
[Site "Roma ITA"]
[Date "2006.02.04"]
[Round "2"]
[White "Sautto, Daniele"]
[Black "Buonocore, Riccardo"]
[Result "1-0"]
[WhiteElo "2166"]
[BlackElo "1927"]
[PlyCount "59"]
[EventDate "2006.02.03"]

1. e4 Nf6 2. e5 Nd5 3. d4 d6 4. Nf3 g6 5. Bc4 Nb6 6. Bb3 Bg7 7. Qe2 Nc6 8. O-O
dxe5 9. dxe5 Nd4 10. Nxd4 Qxd4 11. Re1 Bg4 12. Qb5+ Qd7 13. Qc5 O-O 14. Nc3 Be6
15. Bg5 Bxb3 16. axb3 e6 17. Qe3 Nd5 18. Qf3 Nxc3 19. bxc3 h6 20. Red1 Qb5 21.
Be7 Rfe8 22. Bf6 Bxf6 23. Qxf6 Qc5 24. Rd7 Rf8 25. c4 b5 26. h4 bxc4 27. h5
gxh5 28. Rad1 cxb3 29. R1d3 h4 30. R3d4 1-0

[Event "II Weekend Accademia A Inverno"]
[Site "Roma ITA"]
[Date "2006.02.04"]
[Round "2"]
[White "Tudorache, Marian"]
[Black "Vuelban, Virgilio"]
[Result "0-1"]
[WhiteElo "2078"]
[BlackElo "2305"]
[PlyCount "84"]
[EventDate "2006.02.03"]

1. e4 c5 2. Nf3 d6 3. d4 cxd4 4. Nxd4 Nf6 5. Nc3 a6 6. f3 e5 7. Nb3 Be6 8. Be3
Be7 9. Qd2 b5 10. O-O-O O-O 11. Qf2 Nbd7 12. g4 Bxg4 13. fxg4 Nxg4 14. Qg3 Nxe3
15. Rg1 Bg5 16. Qxg5 Qxg5 17. Rxg5 Nxd1 18. Kxd1 Nf6 19. Nd2 h6 20. Rg1 Rad8
21. Nd5 Nxd5 22. exd5 f5 23. h4 Rf6 24. h5 g5 25. hxg6 Kg7 26. a4 bxa4 27. Bxa6
Rb8 28. Kc1 a3 29. b3 Ra8 30. Bb5 a2 31. Kb2 a1=Q+ 32. Rxa1 Rxa1 33. Kxa1 h5
34. Nf3 e4 35. Nd4 f4 36. Bf1 f3 37. Kb2 e3 38. Kc3 e2 39. Nxe2 fxe2 40. Bxe2
h4 41. Bg4 Rxg6 42. Bd7 h3 0-1

[Event "II Weekend Accademia A Inverno"]
[Site "Roma ITA"]
[Date "2006.02.04"]
[Round "2"]
[White "Vannelli, Vittorio"]
[Black "Ferraguto, Andrea"]
[Result "0-1"]
[WhiteElo "1907"]
[BlackElo "2039"]
[PlyCount "30"]
[EventDate "2006.02.03"]

1. e4 c5 2. Nf3 d6 3. d4 cxd4 4. Nxd4 Nf6 5. Nc3 a6 6. Bc4 e6 7. O-O Be7 8. Bb3
O-O 9. Be3 b5 10. Qf3 Bb7 11. a3 Nbd7 12. Nde2 Ne5 13. Qh3 Nxe4 14. Nxe4 Bxe4
15. f4 Bf5 0-1

[Event "II Weekend Accademia A Inverno"]
[Site "Roma ITA"]
[Date "2006.02.04"]
[Round "2"]
[White "Vocaturo, Daniele"]
[Black "Vallifuoco, Giovanni"]
[Result "1-0"]
[WhiteElo "2358"]
[BlackElo "2189"]
[PlyCount "121"]
[EventDate "2006.02.03"]

1. e4 c5 2. Nf3 Nc6 3. d4 cxd4 4. Nxd4 g6 5. c4 Bg7 6. Be3 Nf6 7. Nc3 O-O 8.
Be2 d6 9. O-O Bd7 10. Rc1 Nxd4 11. Bxd4 Bc6 12. f3 Nd7 13. Bxg7 Kxg7 14. Qd4+
Kg8 15. b4 Qb6 16. Qxb6 Nxb6 17. e5 Rfd8 18. exd6 exd6 19. Rfd1 Kf8 20. Rd4 Na4
21. Nd1 a5 22. a3 axb4 23. axb4 Nb6 24. Nc3 Na4 25. Nd1 Nb6 26. Kf2 d5 27. b5
Be8 28. c5 Nc4 29. Nc3 Na3 30. Ra1 Ra5 31. Rxd5 Rda8 32. Re5 Bd7 33. b6 f6 34.
Re3 Nc2 35. Rxa5 Rxa5 36. Rd3 Bc6 37. Ne4 Ke7 38. Rc3 Nd4 39. Nd2 Ne6 40. Nb3
Ra3 41. Bc4 Nxc5 42. Re3+ Kd6 43. Nxc5 Rxe3 44. Nxb7+ Bxb7 45. Kxe3 Kc5 46. Bg8
h6 47. Bh7 Kxb6 48. Bxg6 Kc5 49. Kf4 Kd6 50. Kg4 Ba6 51. Kh5 Bf1 52. g4 Ke5 53.
Kxh6 Kf4 54. Be4 Bh3 55. Kg6 Bxg4 56. fxg4 Kxg4 57. Bf5+ Kh4 58. h3 Kg3 59.
Kxf6 Kh4 60. Kg6 Kg3 61. Kg5 1-0

[Event "II Weekend Accademia A Inverno"]
[Site "Roma ITA"]
[Date "2006.02.04"]
[Round "3"]
[White "Buonocore, Riccardo"]
[Black "Coscia, Alberto"]
[Result "1-0"]
[WhiteElo "1927"]
[BlackElo "1809"]
[PlyCount "77"]
[EventDate "2006.02.03"]

1. d4 Nf6 2. c4 g6 3. Nc3 Bg7 4. e4 d6 5. f3 O-O 6. Be3 c6 7. Bd3 Nbd7 8. Nge2
e5 9. d5 c5 10. g4 Nxg4 11. fxg4 Qh4+ 12. Kd2 Qxg4 13. Ng3 Qh4 14. Kc2 Qe7 15.
Qd2 a6 16. Bh6 Rb8 17. a4 Nb6 18. Rag1 Qh4 19. Bg5 Qh3 20. Be7 Bh6 21. Qg2 Qd7
22. Bxf8 Kxf8 23. b3 Na8 24. Qe2 Nc7 25. h4 Bf4 26. h5 g5 27. Nf5 f6 28. h6 Qd8
29. Ra1 Ne8 30. Qe1 Bd7 31. Ne2 a5 32. Nxf4 exf4 33. Qc3 Kf7 34. Be2 Bxf5 35.
exf5 Nc7 36. Rae1 b6 37. Bh5+ Kf8 38. Rhg1 Na6 39. Re8+ 1-0

[Event "II Weekend Accademia A Inverno"]
[Site "Roma ITA"]
[Date "2006.02.04"]
[Round "3"]
[White "Caporale, Giuseppe Guido"]
[Black "Vannelli, Vittorio"]
[Result "1-0"]
[WhiteElo "1866"]
[BlackElo "1907"]
[PlyCount "89"]
[EventDate "2006.02.03"]

1. e4 c5 2. Nf3 d6 3. d4 cxd4 4. Nxd4 Nc6 5. Bb5 Qb6 6. Be3 e5 7. Bxc6+ bxc6 8.
Nb3 Qc7 9. O-O Nf6 10. N1d2 d5 11. f3 d4 12. Bg5 c5 13. Nc4 Be6 14. Qd3 Nd7 15.
Nbd2 f6 16. Bh4 g5 17. Bg3 h5 18. h4 gxh4 19. Bxh4 Rg8 20. Rf2 Bh6 21. Re1 Bf4
22. Nf1 O-O-O 23. Kh1 Rg6 24. c3 Rdg8 25. b4 cxb4 26. Na3 bxa3 27. Qa6+ Kb8 28.
Qxe6 Qb7 29. Qd6+ Ka8 30. Qxa3 dxc3 31. Qxc3 Rc8 32. Qa3 Rgg8 33. Rb2 Qc6 34.
Bf2 Rc7 35. Rb3 h4 36. Reb1 Bg3 37. Be3 h3 38. Rc1 hxg2+ 39. Kxg2 Bf4+ 40. Kh1
Nc5 41. Bxf4 Nxe4 42. fxe4 Qxe4+ 43. Rf3 Rh7+ 44. Bh2 Qe2 45. Rg3 1-0

[Event "II Weekend Accademia A Inverno"]
[Site "Roma ITA"]
[Date "2006.02.04"]
[Round "3"]
[White "Ferraguto, Andrea"]
[Black "Quimi, Marco"]
[Result "1/2-1/2"]
[WhiteElo "2039"]
[BlackElo "2195"]
[PlyCount "153"]
[EventDate "2006.02.03"]

1. e4 c5 2. Nf3 Nc6 3. d4 cxd4 4. Nxd4 Nf6 5. Nc3 g6 6. Nxc6 dxc6 7. Qxd8+ Kxd8
8. f3 Be6 9. Be3 Bg7 10. O-O-O+ Ke8 11. Be2 h5 12. e5 Nd7 13. f4 Bh6 14. g3
Nxe5 15. Bd4 f6 16. Kb1 Nd7 17. Rhe1 Bf5 18. Bd3 Bxd3 19. Rxd3 b6 20. Ne4 Bg7
21. Bc3 e5 22. Red1 Nf8 23. Nd6+ Ke7 24. fxe5 fxe5 25. Ne4 Rc8 26. Bd2 Bh6 27.
Bg5+ Bxg5 28. Nxg5 Rc7 29. Rf3 Ne6 30. Nf7 Rf8 31. Nxe5 Rxf3 32. Nxf3 g5 33. c3
g4 34. Nd4 Ng5 35. Re1+ Kf6 36. Rf1+ Kg6 37. Ne2 Re7 38. Nf4+ Kh6 39. Kc2 c5
40. Rd1 Nh3 41. Rd6+ Kh7 42. Nxh5 Nf2 43. Nf4 Ne4 44. Re6 Rxe6 45. Nxe6 Kg6 46.
Kd3 Kf5 47. Nc7 Ng5 48. Nb5 Nf3 49. Nxa7 Nxh2 50. Ke3 Nf1+ 51. Kf2 Nd2 52. Nc8
Nc4 53. b3 Nd2 54. Nxb6 Ne4+ 55. Kg2 Nxc3 56. a4 Ke6 57. Nc4 Ne4 58. a5 Kd7 59.
Ne5+ Kc7 60. Nxg4 Nd2 61. Ne5 Nxb3 62. Nc4 Kc6 63. g4 Nd4 64. Kf2 Kd5 65. a6
Nb5 66. Nb6+ Kc6 67. Nc8 Kc7 68. Ne7 Kb6 69. g5 Nd6 70. g6 Ne8 71. Nd5+ Ka7 72.
Ke3 Ng7 73. Kd3 Kxa6 74. Kc4 Kb7 75. Kxc5 Kc8 76. Kd6 Kd8 77. Nf4 1/2-1/2

[Event "II Weekend Accademia A Inverno"]
[Site "Roma ITA"]
[Date "2006.02.04"]
[Round "3"]
[White "Ferretti, Folco"]
[Black "Fayard, Alain"]
[Result "1/2-1/2"]
[WhiteElo "2264"]
[BlackElo "2271"]
[PlyCount "147"]
[EventDate "2006.02.03"]

1. Nf3 c5 2. c4 Nf6 3. g3 d5 4. cxd5 Nxd5 5. Bg2 Nc6 6. Nc3 Nc7 7. a3 e5 8. b4
a6 9. bxc5 Bxc5 10. O-O O-O 11. Bb2 Qe7 12. d3 Ba7 13. a4 Rd8 14. Ba3 Bc5 15.
Bxc5 Qxc5 16. Qb3 Ne6 17. Rfc1 Qa5 18. Rab1 Nc5 19. Qb6 Qxb6 20. Rxb6 f6 21.
Nd2 Nd4 22. Kf1 Bg4 23. Bxb7 Nxb7 24. Rxb7 Rac8 25. f3 Bh5 26. Nc4 Nxf3 27.
exf3 Rxd3 28. Ne2 Bxf3 29. Rb2 Be4 30. Nd2 Rxc1+ 31. Nxc1 Rd4 32. Nxe4 Rxe4 33.
a5 Rc4 34. Nb3 Kf7 35. Ke2 Ke6 36. Nd2 Rc6 37. Rb7 g6 38. Kd3 h5 39. Rg7 Kf5
40. Nc4 Rc5 41. Ra7 Rc6 42. Rb7 Ke6 43. Rg7 g5 44. Rh7 Kd5 45. Ne3+ Ke6 46.
Rxh5 Rc5 47. Rh6 Rxa5 48. Ng4 Ra3+ 49. Ke4 Ra4+ 50. Kf3 Ra3+ 51. Kg2 a5 52.
Rxf6+ Kd5 53. h4 gxh4 54. gxh4 Ra2+ 55. Kf3 Ra1 56. Ne3+ Kc5 57. Re6 Rh1 58.
Rxe5+ Kb4 59. Re4+ Kb3 60. Kg2 Rc1 61. Nc4 a4 62. Nd2+ Kc2 63. Rxa4 Kxd2 64.
Kg3 Ke3 65. Kg4 Rg1+ 66. Kf5 Rf1+ 67. Kg5 Rb1 68. h5 Rb5+ 69. Kh4 Rb6 70. Rg4
Kf3 71. Rg6 Rb4+ 72. Kg5 Rb5+ 73. Kh6 Kf4 74. Rf6+ 1/2-1/2

[Event "II Weekend Accademia A Inverno"]
[Site "Roma ITA"]
[Date "2006.02.04"]
[Round "3"]
[White "Foschini, Andrea"]
[Black "Moscardi, Daniel"]
[Result "1-0"]
[WhiteElo "1939"]
[BlackElo "1886"]
[PlyCount "47"]
[EventDate "2006.02.03"]

1. d4 d5 2. c4 e6 3. Nc3 Nf6 4. Nf3 Nbd7 5. Bg5 Be7 6. e3 O-O 7. Bd3 h6 8. Bh4
c5 9. cxd5 Nxd5 10. Bxe7 Nxe7 11. O-O b6 12. Be4 Rb8 13. Qe2 cxd4 14. Nxd4 Nc5
15. Rfd1 Nxe4 16. Nxe4 Qd5 17. f3 Qa5 18. a3 Ba6 19. Qf2 Rfd8 20. Qh4 Ng6 21.
Qg3 Bb7 22. Nxe6 Re8 23. Nd6 Qa6 24. Nxe8 1-0

[Event "II Weekend Accademia A Inverno"]
[Site "Roma ITA"]
[Date "2006.02.04"]
[Round "3"]
[White "Macor, Carlo"]
[Black "Tudorache, Marian"]
[Result "0-1"]
[WhiteElo "1892"]
[BlackElo "2078"]
[PlyCount "56"]
[EventDate "2006.02.03"]

1. c4 g6 2. Nf3 Bg7 3. g3 e5 4. Nc3 Nc6 5. Bg2 f5 6. O-O Nge7 7. d3 O-O 8. Rb1
h6 9. Bd2 Kh7 10. b4 Ng8 11. b5 Nce7 12. a4 d6 13. a5 Rb8 14. Na4 Be6 15. Bc3
g5 16. Nd2 b6 17. axb6 axb6 18. Ra1 Nf6 19. Qb3 Qe8 20. Nb2 Qh5 21. Bf3 Ng4 22.
h3 Qxh3 23. Bxg4 Qxg4 24. Nf3 f4 25. Nh2 Qh3 26. gxf4 gxf4 27. Ra7 Rf5 28. f3
Qg3+ 0-1

[Event "II Weekend Accademia A Inverno"]
[Site "Roma ITA"]
[Date "2006.02.04"]
[Round "3"]
[White "Marotta, Michele"]
[Black "Luzi, Alessandro"]
[Result "1/2-1/2"]
[WhiteElo "2066"]
[BlackElo "1933"]
[PlyCount "66"]
[EventDate "2006.02.03"]

1. e4 e5 2. Bc4 Nf6 3. d3 Bc5 4. Nc3 d6 5. f4 exf4 6. Bxf4 Bg4 7. Qd2 Nc6 8. h3
Bh5 9. g4 Bg6 10. O-O-O a6 11. a3 Qd7 12. Nd5 Nxd5 13. exd5 Ne7 14. Nf3 O-O-O
15. Be3 Bxe3 16. Qxe3 Kb8 17. Qd4 f6 18. Qc3 Bf7 19. Qb3 Ka8 20. a4 Be8 21.
Rde1 Ng6 22. a5 Ne5 23. Nd4 h5 24. Ne6 Rb8 25. d4 Ng6 26. gxh5 Rxh5 27. Be2 Rh8
28. Bg4 Qf7 29. Re3 Nh4 30. Rc3 c6 31. Qb6 Rc8 32. Ng5 Qxd5 33. Nf3 Rb8 1/2-1/2

[Event "II Weekend Accademia A Inverno"]
[Site "Roma ITA"]
[Date "2006.02.04"]
[Round "3"]
[White "Micaloni, Mario"]
[Black "Bellincampi, Stefano"]
[Result "1-0"]
[WhiteElo "1862"]
[BlackElo "2048"]
[PlyCount "75"]
[EventDate "2006.02.03"]

1. e4 e5 2. Nf3 Nc6 3. Bb5 a6 4. Ba4 Nf6 5. d3 d6 6. c4 g6 7. Bg5 h6 8. Bd2 Bg7
9. Nc3 O-O 10. O-O Nh5 11. Nd5 Ne7 12. Qc1 Kh7 13. Bd1 c6 14. Nxe7 Qxe7 15. h3
Nf4 16. Bxf4 exf4 17. Qxf4 Bxb2 18. Rb1 Bg7 19. Bc2 b5 20. Rfe1 Bb7 21. e5 d5
22. cxd5 cxd5 23. d4 Rac8 24. Qd2 Rc7 25. Bb3 Rfc8 26. Rbc1 Bf8 27. Rxc7 Qxc7
28. e6 Re8 29. Rc1 Qe7 30. exf7 Qxf7 31. Ne5 Qg7 32. Bc2 Re6 33. Re1 Bc8 34.
Qc3 Bd7 35. Bb3 Rd6 36. Qf3 Be6 37. Bc2 Bf7 38. Qxf7 1-0

[Event "II Weekend Accademia A Inverno"]
[Site "Roma ITA"]
[Date "2006.02.04"]
[Round "3"]
[White "Ramondino, Renzo"]
[Black "Vocaturo, Daniele"]
[Result "1/2-1/2"]
[WhiteElo "2273"]
[BlackElo "2358"]
[PlyCount "56"]
[EventDate "2006.02.03"]

1. e4 d6 2. d4 Nf6 3. Nc3 e5 4. Nf3 Nbd7 5. Bc4 Be7 6. O-O O-O 7. Bb3 c6 8. a4
a5 9. Re1 exd4 10. Nxd4 Nc5 11. Ba2 Qb6 12. Rb1 Qb4 13. f3 Nxa4 14. Nxa4 Qxa4
15. Bb3 Qb4 16. Be3 Re8 17. c3 Qb6 18. Ne6 c5 19. Ng5 Rf8 20. Bc4 Nd7 21. Nxf7
Rxf7 22. f4 Nf8 23. f5 Nd7 24. Bxf7+ Kxf7 25. Qh5+ Kf8 26. Qxh7 Qb3 27. Bf4 Nf6
28. Qh3 Bd7 1/2-1/2

[Event "II Weekend Accademia A Inverno"]
[Site "Roma ITA"]
[Date "2006.02.04"]
[Round "3"]
[White "Tomescu, Vlad"]
[Black "Corso, Sergio"]
[Result "1-0"]
[WhiteElo "2391"]
[BlackElo "2302"]
[PlyCount "65"]
[EventDate "2006.02.03"]

1. e4 c5 2. Nf3 e6 3. d4 cxd4 4. Nxd4 Nc6 5. Nc3 d6 6. Be3 Nf6 7. f4 e5 8. Nde2
Ng4 9. Bg1 exf4 10. Nxf4 Be7 11. Be2 Nge5 12. Be3 O-O 13. O-O Bg5 14. Qd2 Ng4
15. Bxg4 Bxg4 16. h3 Be6 17. Rad1 Ne5 18. b3 Bxf4 19. Rxf4 Rc8 20. Nb5 Qg5 21.
c4 Bxh3 22. Nxa7 Ra8 23. Rdf1 Qg3 24. R4f2 g5 25. Bxg5 Rxa7 26. Qe3 Qxe3 27.
Bxe3 Ng4 28. Bxa7 Nxf2 29. Bxf2 Be6 30. Bg3 Rd8 31. Rd1 Bg4 32. Rd4 f5 33. e5
1-0